Günther Antal államtitkár levele Polner Ödönhöz

Elmentve itt :
Bibliográfiai részletek
Szerző: Günther Antal
Dokumentumtípus: Kézirat
Megjelent: 1906-06-18
Kulcsszavak:Levelezés - Günther Antal - Polner Ödön
Online Access:http://misc.bibl.u-szeged.hu/57319
LEADER 00608ntm a2200169 i 4500
001 misc57319
005 20210107114556.0
008 201109s1906 hu o 0|| hun d
040 |a SZTE Miscellanea Repozitórium  |b hun 
041 |a hun 
100 1 |a Günther Antal 
245 1 0 |a Günther Antal államtitkár levele Polner Ödönhöz  |h [elektronikus dokumentum] /  |c  Günther Antal 
260 |c 1906-06-18 
300 |a 1 fol.  |c 21 x 34,5 cm 
561 |a Polner Ödön levelezés 
695 |a Levelezés - Günther Antal - Polner Ödön 
856 4 0 |u http://misc.bibl.u-szeged.hu/57319/1/polner_003_001.pdf  |z Dokumentum-elérés